000 00268nam a2200109Ia 4500
008 190216s9999||||xx |||||||||||||| ||und||
100 _aShukla M.C
245 0 _aBusiness Organisation And Management
260 _bSulthan Chand&Sons
_c2002
300 _a878p
942 _cBK
999 _c3901
_d3901